| 000 | 01416namaa2200313 i 4500 | ||
|---|---|---|---|
| 003 | EG-GICUC | ||
| 005 | 20260207144601.0 | ||
| 008 | 260207s1938 ua |||jr|||| 001 0 ara d | ||
| 040 |
_aEG-GiCUC _bara _cEG-GiCUC _dEG-GiCUC _erda |
||
| 082 | 0 | 4 |
_221 _a819.95 _bQ29 |
| 092 | 0 | 4 |
_221 _a819.95 _bQ29 |
| 099 | _a819.95 Q29 1938 | ||
| 100 | 1 |
_aقدامة بن جعفر _eمؤلف. |
|
| 245 | 1 |
_aكتاب نقد النثر / _cلأبى الفرج قدامة بن جعفر الكاتب البغدادى ؛ حققه و علق حواشيه الدكتور طه حسين بك، عبد الحميد العبادى. |
|
| 250 | _aالطبعة الثالثة | ||
| 264 |
_aالقاهرة (مصر) : _bمطبعة لجنة التأليف والترجمة والنشر، _c1938. |
||
| 300 |
_a153 صفحة ؛ _c24 سم _bإيضاحيات، صور، مثيليات ؛ Illustrations |
||
| 336 |
_2rdacontent _atext |
||
| 337 |
_2rdamedia _aUnmediated |
||
| 338 |
_2rdacarrier _avolume |
||
| 504 | _aيشتمل على ارجاعات ببليوجرافية وكشاف. | ||
| 541 |
_aد. جابر عصفور ؛ _bالقاهرة ؛ _cإهداء ؛ _d2024. |
||
| 650 | 1 | 7 |
_aالنثر العربى _xتاريخ ونقد _yالعصر العباسى الثانى _2qrmak |
| 651 | 1 | _2qrmak | |
| 700 | 1 |
_aحسين، طه _eمحقق. |
|
| 700 | 1 |
_aالعبادى، عبد الحميد _eمحقق. |
|
| 905 | _aAya | ||
| 942 |
_2ddc _cBK _e21 _n0 |
||
| 999 |
_c178231 _d178231 |
||